000 00555nam a2200229Ia 4500
003 OSt
005 20220928134916.0
006 a|||||r|||| 00| 0
007 ta
008 220927b |||||||| |||| 00| 0 eng d
024 _a218
037 _cTextual
040 _aSDCL
_cSDCL
_beng
041 _2eng
_aeng
082 _aVv, D7
100 _aSeligman Edwin R.A.
_9489078
245 0 _aEconomic interpretation of history
250 _a2
260 _c1907
942 _hVv, D7
_cTEXL
_2CC
999 _c804280
_d804280